000 00597nam a2200205Ia 4500
999 _c10104
_d10104
003 OSt
005 20191231153840.0
008 190216s9999||||xx |||||||||||||| ||und||
020 _a9780333673829
040 _coclc
082 _a330.94
_bATK/A
100 _aAtkinson, Brian
_9956
245 0 _aApplied Economics /
_cBrian Atkinson ; Frank Livesey ; Bob Milward
260 _bMacmillan,
_c1998.
_aLondon:
300 _a496p
650 _aEconomics
700 1 _91001
_aLivesey, Frank
700 1 _91002
_aMilward, Bob
942 _cBK
_2ddc
_h330.94
_iATK/A
_k330.94
_mATK/A